Loading...
| Literature - Poetry | 0 | 4 | 0 | 1 | 40 | 82 | 121.00 | 0 | 3 |
| Literature - Long Fiction | 1 | 2 | 0 | 1 | 35 | 64 | 102.33 | 0 | 2 |
| Science - Biology | 0 | 4 | 1 | 1 | 35 | 85 | 108.50 | 0 | 3 |
| Science - Chemistry | 0 | 2 | 0 | 1 | 20 | 110 | 120.00 | 0 | 1 |
| Other Academic | 0 | 1 | 0 | 1 | 10 | 135 | 135.00 | 0 | 0 |
| Social Science | 0 | 1 | 0 | 0 | 10 | 153 | 153.00 | 0 | 0 |
| Fine Arts - Painting and Sculpture | 0 | 1 | 0 | 1 | 10 | 147 | 147.00 | 0 | 0 |
| Geography | 0 | 1 | 0 | 0 | 10 | 150 | 150.00 | 0 | 1 |
| Literature - Drama | 0 | 1 | 0 | 0 | 10 | 87 | 87.00 | 0 | 1 |
| Fine Arts - Classical Music | 0 | 1 | 0 | 0 | 10 | 138 | 138.00 | 0 | 0 |
| Science - Physics | 0 | 1 | 1 | 0 | 5 | 116 | 116.00 | 0 | 0 |
| Science - Other Science | 0 | 0 | 1 | 0 | -5 | 0.00 | 0 | 0 |